| 000 | 00661nam a22002177a 4500 | ||
|---|---|---|---|
| 005 | 20250717144356.0 | ||
| 010 | _aENG-146008 | ||
| 020 |
_c9680.00 _a9789392568725 |
||
| 035 | _aEN-129540 | ||
| 037 | _bDBAD | ||
| 082 |
_a551.44 _21 |
||
| 100 |
_aDiwan, H.D. _983059 |
||
| 245 |
_aPHYSICAL SPELEOLOGY NATURAL CAVES OF CHATTISGARH/ _cH.D. Diwan |
||
| 250 | _a1 | ||
| 260 |
_aChhattisgarh _bAditi Publication _c2023 |
||
| 270 |
_bChhattisgarh _k9425210308 _aOpp. New Panchajanya Vidya Mandir, Near Tiranga Chowk, Kushalpur, Raipur |
||
| 300 |
_a313,vip. _c21cm(pb) |
||
| 490 | _v1 | ||
| 700 | _975124 | ||
| 942 |
_2ddc _cEN _h551.44 _mDIW _e1 |
||
| 999 |
_c212413 _d212413 |
||